Ordenador y discapacidad: guía práctica para conseguir que el ordenador sea una ayuda eficaz en el aprendizaje y la comunicación

Tallennettuna:
Bibliografiset tiedot
Päätekijä: Sánchez Montoya, Rafael (Tekijä)
Aineistotyyppi: Kirja
Kieli:espanja
Julkaistu: Madrid CEPE 1997
Sarja:Colección Lenguaje y Comunicación, 10
Aiheet:
Tagit: Lisää tagi
Ei tageja, Lisää ensimmäinen tagi!

MARC

LEADER 00000nam a2200000 a 4500
001 UCO7754
003 CL-VaPUC
008 001124e19970000SP |||||||||||||||||spa|d
082 0 4 |a 371.91  |b SAN  |2 21 
100 0 |a Sánchez Montoya, Rafael  |e author  |9 452468 
245 1 0 |a Ordenador y discapacidad: guía práctica para conseguir que el ordenador sea una ayuda eficaz en el aprendizaje y la comunicación 
300 |a 400 p 
942 |c BK 
945 |d 20001124 00:00:00  |a rbrito 
260 |a Madrid  |b CEPE  |c 1997 
650 0 |a Educación especial  |9 307486 
650 7 |a IMPEDIDOS FISICAMENTE  |2 CL-VaPUC  |9 307526 
650 7 |a ENSEÑANZA CON AYUDA DE COMPUTADORES  |2 CL-VaPUC  |9 262450 
583 |a last modification  |c 20170823 11:08:12  |k Rodrigo Vera 
490 0 |a Colección Lenguaje y Comunicación, 10 
999 |c 292633  |d 292631 
952 |0 0  |1 0  |4 0  |6 371_910000000000000_SAN_1997  |7 0  |8 A  |9 343668  |a BIBEDU  |b BIBEDU  |c ES_NOD  |d 2019-11-20  |i 3661121  |o 371.91 SAN 1997  |p 3661121  |r 2023-08-09  |w 2019-11-20  |y BK  |k BME